Statistics for World Capitals by a Single Clue #1

Click here to take the quiz!

General Stats

  • This quiz has been taken 23,452 times
    (23,423 since last reset)
  • The average score is 12 of 20

Answer Stats

CountryClueCity% Correct
ItalyThrow a coin in this city's Trevi FountainRome
90%
United KingdomMost populous city in the world in 1900London
89%
PortugalEuropean capital most distant from MoscowLisbon
88%
New ZealandThe capital was moved to here from Auckland in 1865Wellington
86%
HungaryFormed by the merger of Pest, Óbuda, and Buda in 1873Budapest
84%
EcuadorSouth American capital that lies closest to the equatorQuito
74%
MexicoBuilt on the ruins of TenochtitlanMexico City
72%
JapanWas known as Edo until 1868Tokyo
71%
CzechiaLocated in the region of BohemiaPrague
65%
VietnamBombed by the U.S. in 1972Hanoi
59%
PolandOn the Vistula (also called Wisła) RiverWarsaw
57%
TaiwanAbout 500 miles from Hong Kong and ShanghaiTaipei
56%
NigeriaThe capital moved from Lagos to here in 1991Abuja
53%
AzerbaijanOn the Caspian SeaBaku
49%
South AfricaSouth Africa's judicial capitalBloemfontein
47%
UkraineLocated on the Dnieper RiverKiev
43%
Dominican RepublicThe most populous metro area on a Caribbean islandSanto Domingo
42%
GuyanaRenamed in 1812 in honor of Britain's kingGeorgetown
41%
Burkina FasoAfrican capital with 8 vowels and only 3 consonantsOuagadougou
33%
BhutanAsia's highestThimphu
31%

Score Distribution

Percentile by Number Answered

Percent of People with Each Score

Your Score History

You have not taken this quiz since the last reset